Marshmello Charting Songs (Billboard Hot 100) - Statistics

General Stats
  • This quiz has been taken 60 times
    11 since last reset
  • The average score is 10 of 21
Answer Stats
Album Weeks On Peak Artist(s) Song % Correct
Monstercat 027 - Cataclysm 11 Weeks #28 Marshmello Alone
88%
Speak Your Mind 29 Weeks #11 Marshmello & Anne-Marie Friends
88%
Non-Album Single 52 Weeks #2 Marshmello & Bastille Happier
88%
Non-Album Single 23 Weeks #20 Selena Gomez x Marshmello Wolves
88%
Legends Never Die 20 Weeks #2 Juice WRLD & Marshmello Come & Go
63%
Non-Album Single 6 Weeks #36 Marshmello & Demi Lovato OK Not to Be OK
63%
Non-Album Single 23 Weeks #36 Marshmello & Kane Brown One Thing Right
63%
Non-Album Single 23 Weeks #30 Marshmello ft. Khalid Silence
63%
Non-Album Single 15 Weeks #29 Marshmello & Halsey Be Kind
50%
Non-Album Single 22 Weeks #19 Marshmello & Jonas Brothers Leave Before You Love Me
50%
Non-Album Single 16 Weeks #40 Marshmello & Khalid Numb
50%
Legends Never Die 7 Weeks #10 Juice WRLD & Marshmello ft. Polo G & Kid LAROI Hate the Other Side
38%
Non-Album Single 16 Weeks #31 Marshmello ft. CHVRCHES Here With Me
38%
Bright: The Album 1 Week #82 Migos & Marshmello Danger
25%
Bobby Tarantino II 13 Weeks #29 Logic & Marshmello Everyday
25%
Non-Album Single 1 Week #90 Marshmello, Tyga & Chris Brown Light It Up
25%
Non-Album Single 1 Week #53 Marshmello & Juice WRLD Bye Bye
13%
Pa Las Baby's y Belikeada and Sugar Papi 20 Weeks #40 Fuerza Regida & Marshmello Harley Quinn
13%
Non-Album Single 5 Weeks #79 Marshmello & Jelly Roll Holy Water
13%
Non-Album Single 29 Weeks #15 Marshmello & Kane Brown Miles On It
13%
Joytime III 1 Week #92 Marshmello ft. A Day To Remember Rescue Me
13%
No matching quizzes found
Score Distribution
Percent of People with Each Score
Percentile by Number Answered
Your Score History
You have not taken this quiz since the last reset